000 00549nam a22001937a 4500
005 20251108170945.0
008 250721s9999 xx 000 0 ara d
082 1 4 _aط/599.73/توف
100 1 _aتوفيق، عبد الحميد
245 1 0 _aالجمل /
264 1 _aالقاهرة :
_bشركة سفير،
300 _a32ص
490 0 _aسلسلة غرائب الحيوان ؛ 4
650 1 7 _aحيوانات الحليب
650 1 7 _aالجمل
700 1 _aسلامه، سلامه محمد
942 _2ddc
_cBK
999 _c53023
_d53023